[Event "Southend Masters"]
[Site "Southend"]
[Date "2023.04.10"]
[Round "9.1"]
[White "Korneev, Oleg"]
[Black "Han, Yichen"]
[Result "0-1"]
[WhiteElo "2468"]
[BlackElo "2406"]
[PlyCount "118"]
[EventDate "2023.04.06"]
[EventType "tourn"]
[EventRounds "9"]
[EventCountry "ENG"]
[EventCategory "9"]
[SourceTitle "BritBase"]
[Source "John Saunders"]
[SourceDate "2023.04.11"]
[SourceVersion "1"]
[SourceVersionDate "2023.04.11"]
[SourceQuality "1"]

1. e4 c5 2. Nf3 e6 3. c3 Nf6 4. e5 Nd5 5. d4 cxd4 6. cxd4 b6 7. Bc4 Bb7 8. O-O
Be7 9. Bxd5 Bxd5 10. Nc3 Bb7 11. d5 exd5 12. Nxd5 O-O 13. Be3 Nc6 14. Qd2 Re8
15. Rad1 Bf8 16. Bg5 Qc8 17. Qf4 Ne7 18. Bxe7 Bxe7 19. Nxe7+ Rxe7 20. Nd4 Qc5
21. Nf5 Rxe5 22. Nd6 Bc6 23. b4 Qc3 24. Rc1 Qb2 25. Qxf7+ Kh8 26. Qc4 Re6 27.
Nf7+ Kg8 28. Ng5 b5 29. Qd3 Rg6 30. h4 Qxb4 31. a3 Qxh4 32. Qb3+ d5 33. Rxc6
Rxg5 34. g3 Qe4 35. Qxb5 Qf3 36. Re6 Rxg3+ 37. fxg3 Qxg3+ 38. Kh1 Qh3+ 39. Kg1
Qxe6 40. Rf2 Rc8 41. Qb2 Qb6 42. Qxb6 axb6 43. Rb2 Rc6 44. Rb5 Rd6 45. Kf2 d4
46. Ke2 Kf7 47. Kd3 Kf6 48. a4 g5 49. a5 bxa5 50. Rxa5 h5 51. Ra2 h4 52. Ke4 d3
53. Rd2 Rd8 54. Ke3 Kf5 55. Kf3 g4+ 56. Kg2 Ke4 57. Kf2 Rf8+ 58. Ke1 h3 59. Ra2
g3 0-1

[Event "Southend Masters"]
[Site "Southend"]
[Date "2023.04.10"]
[Round "9.2"]
[White "Livaic, Leon"]
[Black "Ernst, Sipke"]
[Result "0-1"]
[WhiteElo "2591"]
[BlackElo "2526"]
[PlyCount "60"]
[EventDate "2023.04.06"]
[EventType "tourn"]
[EventRounds "9"]
[EventCountry "ENG"]
[EventCategory "9"]
[SourceTitle "BritBase"]
[Source "John Saunders"]
[SourceDate "2023.04.11"]
[SourceVersion "1"]
[SourceVersionDate "2023.04.11"]
[SourceQuality "1"]

1. d4 d5 2. c4 c6 3. cxd5 cxd5 4. Bg5 f6 5. Bd2 Nc6 6. Nc3 e6 7. Nf3 Bd6 8. e4
Nge7 9. Bd3 O-O 10. O-O Bc7 11. e5 Ng6 12. Re1 Bb6 13. exf6 Qxf6 14. Bg5 Qf7
15. Be3 Qf6 16. Ne2 Nh4 17. Nxh4 Qxh4 18. g3 Qf6 19. Bb5 e5 20. Bxc6 bxc6 21.
dxe5 Qxe5 22. Nd4 Qf6 23. b4 Bd7 24. Qd2 Rae8 25. Nc2 Bh3 26. f4 Rxe3 27. Nxe3
Re8 28. Rac1 Qe7 29. Rc5 Bxc5 30. bxc5 Qxc5 0-1

[Event "Southend Masters"]
[Site "Southend"]
[Date "2023.04.10"]
[Round "9.3"]
[White "Willow, Jonah B"]
[Black "Vardaan, Nagpal"]
[Result "1/2-1/2"]
[WhiteElo "2468"]
[BlackElo "2333"]
[PlyCount "68"]
[EventDate "2023.04.06"]
[EventType "tourn"]
[EventRounds "9"]
[EventCountry "ENG"]
[EventCategory "9"]
[SourceTitle "BritBase"]
[Source "John Saunders"]
[SourceDate "2023.04.11"]
[SourceVersion "1"]
[SourceVersionDate "2023.04.11"]
[SourceQuality "1"]

1. e4 e5 2. Nf3 Nf6 3. Nxe5 d6 4. Nf3 Nxe4 5. Nc3 Nf6 6. d4 g6 7. Bg5 Bg7 8.
Qe2+ Kf8 9. O-O-O h6 10. Bh4 Nc6 11. d5 Ne7 12. Nd4 g5 13. Bg3 Nf5 14. Nxf5
Bxf5 15. f3 a6 16. Bf2 Nd7 17. h4 b5 18. Qd2 Ne5 19. hxg5 hxg5 20. Rxh8+ Bxh8
21. Bd4 Bg6 22. Ne2 Kg8 23. Ng1 Rc8 24. Nh3 c5 25. Bxe5 Bxe5 26. Bd3 Qf6 27.
Kb1 Bxb2 28. Qxg5 Qxg5 29. Nxg5 Bf6 30. Bxg6 Bxg5 31. Bf5 Re8 32. Be4 Bf6 33.
Rh1 Bg7 34. Rh5 Kf8 1/2-1/2

[Event "Southend Masters"]
[Site "Southend"]
[Date "2023.04.10"]
[Round "9.5"]
[White "Kirk, Ezra"]
[Black "Chan, Kim Yew"]
[Result "1-0"]
[WhiteElo "2439"]
[BlackElo "2367"]
[PlyCount "63"]
[EventDate "2023.04.06"]
[EventType "tourn"]
[EventRounds "9"]
[EventCountry "ENG"]
[EventCategory "9"]
[SourceTitle "BritBase"]
[Source "John Saunders"]
[SourceDate "2023.04.11"]
[SourceVersion "1"]
[SourceVersionDate "2023.04.11"]
[SourceQuality "1"]

1. e4 e5 2. Nf3 Nf6 3. d4 Nxe4 4. Nxe5 d6 5. Nf3 d5 6. Bd3 Bd6 7. O-O O-O 8. c4
c6 9. Nc3 Nxc3 10. bxc3 dxc4 11. Bxc4 Bf5 12. Re1 Nd7 13. Bg5 Qa5 14. Qb3 Nb6
15. Ne5 Bg6 16. Nxg6 hxg6 17. Be7 Bxe7 18. Rxe7 Nxc4 19. Qxc4 Rab8 20. Re5 Qc7
21. Rae1 Rbd8 22. h4 Qd6 23. a4 b6 24. R1e4 Rd7 25. Qd3 c5 26. h5 cxd4 27. hxg6
Qxg6 28. Qh3 f5 29. Rh4 Rf6 30. Rh8+ Kf7 31. Rf8+ Kxf8 32. Qh8+ 1-0